[Event "I Mem Mauricio Maghelly - ALEX 2023"]
[Site "Rio de Janeiro"]
[Date "2023.02.08"]
[Round "5.7"]
[White "Leite, Tarcisio Dantas Fro"]
[Black "Da Costa, Carlos Henrique Luz"]
[Result "0-1"]
[WhiteElo "1506"]
[BlackElo "1520"]
[Annotator "Stockfish 15.1"]
[PlyCount "94"]
[EventDate "2023.01.30"]
[EventCountry "BRA"]

{[%evp 0,94,51,17,29,15,14,12,19,-1,2,-25,-25,-39,-35,-57,-4,-47,-4,-6,-4,0,12,
-24,-24,-54,-9,-9,-1,-36,-17,-56,-28,-96,-70,-70,102,-74,416,410,444,-27,19,
-155,-129,-153,-54,-33,-18,-15,79,-139,-139,-141,0,-275,-279,-291,-109,-109,
-69,-461,-461,-659,-659,-659,-677,-677,-611,-596,-422,-407,-447,-438,-533,-515,
-552,-1568,-957,-1001,-638,-741,-549,-638,-541,-882,-933,-1188,-635,-1506,
-1506,-2086,-28899,-29993,-29994,-29995,-29996]} 1. d4 e6 2. e3 Nf6 3. Bd3 Be7
4. Nd2 d5 5. f4 c5 6. c3 Nc6 7. Ngf3 cxd4 8. cxd4 $6 {Inaccuracy. exd4 was
best.} (8. exd4 Nh5 9. Nb3 Bd6 10. g3 O-O 11. Qe2 Ne7 12. a4 a5) 8... O-O 9. a3
b6 10. O-O Bb7 11. Ne5 Rc8 12. Ndf3 h6 13. Bd2 Ne4 14. Be1 Rc7 15. g4 Qc8 16.
h4 $6 {Inaccuracy. Qe2 was best.} (16. Qe2 Bd6 17. Nxc6 Bxc6 18. Rc1 Bb5 19.
Rxc7 Bxd3 20. Rxc8 Bxe2 21. Rc2 Bxf1 22. Kxf1 g5) 16... Ba6 17. g5 h5 $2 {
Mistake. Nxe5 was best.} (17... Nxe5) 18. g6 $6 {Inaccuracy. Nxc6 was best.} (
18. Nxc6 Rxc6) 18... f6 $4 {Blunder. Nxe5 was best.} (18... Nxe5 19. Nxe5 Bxd3
20. Nxf7 Nf2 21. Rxf2 Bxg6 22. Ne5 Be4 23. Bb4 Bxh4 24. Rh2 Bg3 25. Rxh5) 19.
Bxa6 Qxa6 20. Nd3 $4 {Blunder. Nd2 was best.} (20. Nd2 Nxe5 21. dxe5 Nxd2 22.
Bxd2 Rfc8 23. Qxh5 Bc5 24. Qh7+ Kf8 25. Qh8+ Ke7 26. Qxg7+ Ke8) 20... Rfc8 21.
Kh2 $4 {Blunder. Nfe5 was best.} (21. Nfe5) 21... Na5 $4 {Blunder. Bd6 was
best.} (21... Bd6) 22. Rg1 $4 {Blunder. Kg1 was best.} (22. Kg1) 22... Rc2+ $4
{Blunder. Nc4 was best.} (22... Nc4 23. Nd2 Ncxd2 24. Qxh5 Bd6 25. Qh7+ Kf8 26.
Qh8+ Ke7 27. Qxg7+ Kd8 28. Qg8+ Kd7 29. Qf7+) 23. Rg2 Qc4 $6 {Inaccuracy.
Rxg2+ was best.} (23... Rxg2+ 24. Kxg2 Nc4 25. Bf2 f5 26. Nfe5 Nf6 27. Rc1 Ng4
28. Kg1 Bf8 29. Qe2 Nd6 30. Qd1) 24. Bxa5 bxa5 $4 {Blunder. Rxg2+ was best.} (
24... Rxg2+ 25. Kxg2) 25. Qf1 $4 {Blunder. Nfe1 was best.} (25. Nfe1 Rxg2+ 26.
Kxg2 f5 27. Rc1 Qa6 28. Qxh5 Nf6 29. Rxc8+ Qxc8 30. Qe2 Ne4 31. Qd1 Qe8) 25...
Rxg2+ 26. Kxg2 Qb3 $4 {Blunder. Qb5 was best.} (26... Qb5 27. Qe2 Qe8 28. Kh2
Qxg6 29. Rg1 Qf5 30. Qd1 Nd6 31. Qe2 a4 32. Qg2 Bf8 33. Qe2) 27. Rd1 $4 {
Blunder. Nfe1 was best.} (27. Nfe1 f5 28. Qe2 Bxh4 29. Qxh5 Bxe1 30. Qh7+ Kf8
31. Qh8+ Ke7 32. Qxc8 Qxd3 33. Qc7+ Ke8) 27... Rc2+ 28. Kh3 Qc4 $4 {Blunder.
a4 was best.} (28... a4 29. Qe1 Qb5 30. Ng1 Qe8 31. Rc1 Rd2 32. Rd1 Rxd1 33.
Qxd1 Qxg6 34. Qe1 Nd6 35. Nc5) 29. Nh2 Qc8 $6 {Inaccuracy. Qb3 was best.} (
29... Qb3 30. Qf3) 30. f5 $4 {Blunder. Qf3 was best.} (30. Qf3 e5+ 31. f5 Ng5+
32. hxg5 e4 33. Qf4 Rxh2+ 34. Kxh2 Qc2+ 35. Nf2 Bd6 36. Qxd6 Qxf2+) 30... Bd6
31. Nf3 exf5 32. Nf4 Nf2+ 33. Kg3 Nxd1 34. Qxd1 Bxf4+ 35. exf4 Qc4 36. b4 axb4
37. axb4 Qe2 38. Qh1 $2 {Mistake. Qxe2 was best.} (38. Qxe2 Rxe2 39. b5 Rb2 40.
Ng1 Rxb5 41. Kf2 a5 42. Ke3 Rb3+ 43. Kd2 Rb2+ 44. Kd3 a4) 38... Rb2 39. Qg1 Rb3
$6 {Inaccuracy. Rc2 was best.} (39... Rc2) 40. Qf2 Qd3 41. Kg2 Rxb4 42. Qa2 Rb3
43. Qf2 Rc3 44. Kg3 $6 {Inaccuracy. Ne1 was best.} (44. Ne1 Qe3 45. Kf1 a5 46.
Qh2 Rc1 47. Qf2 Qxf2+ 48. Kxf2 Rd1 49. Ke2 Rxd4 50. Nd3 Re4+) 44... a5 45. Qg2
a4 46. Qf1 Qxf1 47. Kh2 Qxf3 {0-1 Black wins.} 0-1

[Event "I Mem Mauricio Maghelly - ALEX 2023"]
[Site "Rio de Janeiro"]
[Date "2023.02.08"]
[Round "6.1"]
[White "Dias, Matheus Braga"]
[Black "Lopes, Eduardo Moraes"]
[Result "0-1"]
[WhiteElo "1885"]
[BlackElo "1744"]
[Annotator "Stockfish 15.1"]
[PlyCount "110"]
[EventDate "2023.01.30"]
[EventCountry "BRA"]

{[%evp 0,110,28,34,27,29,72,44,36,7,7,-4,36,-1,43,38,43,-11,45,30,94,55,87,87,
78,78,113,86,71,71,79,79,82,55,70,55,116,75,80,77,94,69,69,81,69,24,31,-7,3,
-33,-43,-80,-66,-146,-162,-163,-53,-68,-157,-145,-33,-32,1,26,29,-38,-53,-23,
-73,-73,-24,-262,-64,-91,-91,-239,-257,-257,-105,-99,-119,-101,-121,-118,-96,
-111,-114,-126,-126,-118,-90,-76,-76,-66,-67,-173,-188,-201,-200,-206,-200,
-206,-197,-196,-175,-197,-196,-200,-204,-200,-212,-298,-304]} 1. e4 e6 2. d4 d5
3. e5 c5 4. c3 Nc6 5. Nf3 Qb6 6. a3 c4 7. Nbd2 f6 8. b4 $6 {Inaccuracy. Be2
was best.} (8. Be2 fxe5 9. Nxe5 Nxe5 10. dxe5 Bc5 11. O-O Ne7 12. b4 cxb3) 8...
cxb3 $2 {Mistake. a5 was best.} (8... a5 9. Rb1) 9. Qxb3 $6 {Inaccuracy. Nxb3
was best.} (9. Nxb3 fxe5) 9... Qd8 $2 {Mistake. fxe5 was best.} (9... fxe5 10.
Nxe5 Nxe5 11. dxe5 Ne7 12. Rb1 Nc6 13. Qd1 Qa5 14. Bb5 Qxc3 15. Bb2 Qa5 16. Bd3
) 10. Bb5 $6 {Inaccuracy. Bd3 was best.} (10. Bd3 fxe5 11. dxe5 Nh6 12. O-O Be7
13. Qc2 Nf5 14. Bb2 O-O 15. c4 Qb6 16. Rae1 Kh8) 10... a6 11. Bxc6+ bxc6 12.
O-O Be7 13. a4 Nh6 14. Ba3 O-O 15. Bxe7 Qxe7 16. a5 Bd7 17. Rfb1 Be8 $6 {
Inaccuracy. c5 was best.} (17... c5 18. dxc5 Qxc5 19. exf6 gxf6 20. c4 Nf5 21.
cxd5 Qxd5 22. Qxd5 exd5 23. Rb6 Kf7 24. h4) 18. Qa3 $6 {Inaccuracy. Qb7 was
best.} (18. Qb7) 18... Qxa3 19. Rxa3 Nf7 20. Rb7 $2 {Mistake. Nb3 was best.} (
20. Nb3) 20... fxe5 21. dxe5 c5 22. c4 dxc4 23. Rc7 $6 {Inaccuracy. Nxc4 was
best.} (23. Nxc4 Bb5 24. Rc3 Bxc4 25. Rxc4 Rad8 26. h4 Rd5 27. Ra7 Nxe5 28.
Nxe5 Rxe5 29. f3 h6) 23... Bb5 24. Rxc5 $6 {Inaccuracy. Rc3 was best.} (24. Rc3
Rfc8 25. Rxc8+ Rxc8 26. Nxc4 Rd8 27. Ne3 c4 28. h4 Kf8 29. Rc2 Rc8 30. Nd4 Nxe5
) 24... Rac8 25. Rxc8 Rxc8 26. Ra1 $6 {Inaccuracy. Rc3 was best.} (26. Rc3 Rc5
27. g3 Kf8 28. Kf1 Nxe5 29. Nxe5 Rxe5 30. f4 Rc5 31. Kf2 Ke7 32. Ke3 e5) 26...
c3 27. Rc1 c2 $2 {Mistake. Ba4 was best.} (27... Ba4 28. Kf1 c2 29. Ke2 Rd8 30.
h3 h5 31. Ke3 Nh6 32. Ke4 Nf5 33. g4 Ne7 34. Nd4) 28. Nd4 Ba4 29. f4 Nd8 $6 {
Inaccuracy. g5 was best.} (29... g5) 30. Kf2 Kf7 $6 {Inaccuracy. Nb7 was best.}
(30... Nb7) 31. Ne4 Nb7 32. Ke3 Ke7 33. Kd3 Nxa5 34. Nd6 Rc5 35. g4 $4 {
Blunder. Nxc2 was best.} (35. Nxc2) 35... Nc6 $2 {Mistake. Rd5 was best.} (
35... Rd5 36. Nc8+ Kf8 37. Nb6 Bb5+ 38. Ke3 Rxd4 39. Rxc2 Rd3+ 40. Ke4 Rd8 41.
Rc7 Bc6+ 42. Ke3) 36. Nc8+ Kf7 37. Nb6 $4 {Blunder. Nxc6 was best.} (37. Nxc6
Rxc6) 37... Bb5+ 38. Nxb5 Rxb5 $2 {Mistake. axb5 was best.} (38... axb5 39. Kd2
Nb4 40. g5 Rc6 41. Nd7 Rc4 42. Nb6 Rxf4 43. Nc8 Rf2+ 44. Ke3 Rxh2 45. Nd6+) 39.
Nc4 Nb4+ 40. Ke2 Rc5 41. Ne3 Rc3 $6 {Inaccuracy. g6 was best.} (41... g6 42. g5
Ke8 43. Kd2 Kd7 44. Ng4 Kc6 45. Nf6 Rc4 46. Nxh7 Rd4+ 47. Ke2 Rxf4 48. Ke3) 42.
Kd2 Rd3+ 43. Ke2 Rd4 $2 {Mistake. g6 was best.} (43... g6) 44. Nxc2 Nxc2 45.
Rxc2 Rxf4 46. Rc7+ Kg6 47. Ke3 $4 {Blunder. Rc6 was best.} (47. Rc6 Rxg4) 47...
Rxg4 48. Rc6 Kf5 49. Rxa6 Kxe5 50. Kf3 Rd4 51. Ra8 Kf6 52. Rf8+ Kg6 53. Re8 Kf7
54. Rh8 h6 55. Ke3 $6 {Inaccuracy. Kg2 was best.} (55. Kg2 Kf6 56. Ra8 h5 57.
Rf8+ Ke7 58. Rf1 g6 59. h3 e5 60. Rf2 Rf4 61. Rb2 Kf6) 55... Rh4 {Kd4} 0-1

[Event "I Mem Mauricio Maghelly - ALEX 2023"]
[Site "Rio de Janeiro"]
[Date "2023.02.08"]
[Round "6.4"]
[White "Rial, Antonio Marcos Pino"]
[Black "Fernandes, Joao Manoel Strauss"]
[Result "1/2-1/2"]
[WhiteElo "1635"]
[BlackElo "1733"]
[Annotator "Stockfish 15.1"]
[PlyCount "106"]
[EventDate "2023.01.30"]
[EventCountry "BRA"]

{[%evp 0,106,30,25,80,70,80,75,74,73,85,70,130,82,464,83,158,12,12,12,49,26,28,
53,72,63,70,70,61,55,70,35,43,24,90,84,84,84,76,77,73,61,54,71,67,67,67,64,88,
77,64,14,144,51,133,51,104,111,80,68,99,36,33,14,3,0,24,0,6,0,0,-21,199,40,72,
74,126,126,150,91,462,471,471,513,516,516,512,511,512,517,560,466,466,67,73,49,
59,45,45,0,0,0,40,0,-14,-12,-12,-8,-8]} 1. d4 c5 $6 {Inaccuracy. Nf6 was best.}
(1... Nf6 2. c4 e6 3. Nf3 d5 4. cxd5 exd5 5. Bf4 c6 6. Nc3) 2. d5 e6 3. e4 exd5
4. exd5 d6 5. Nf3 g6 6. Bg5 Nf6 $4 {Blunder. Be7 was best.} (6... Be7 7. h4 Nd7
8. Nc3 a6 9. Qd2 h6 10. Bf4 Ndf6 11. O-O-O) 7. Nbd2 $4 {Blunder. Bb5+ was best.
} (7. Bb5+ Bd7 8. Qe2+ Qe7 9. Bxf6 Bxb5 10. Qxe7+ Bxe7 11. Bxh8 Bd7) 7... Bg7
8. Be2 $6 {Inaccuracy. Bb5+ was best.} (8. Bb5+ Nbd7 9. Qe2+ Kf8 10. Nc4 Nb6
11. Nxb6 Qxb6 12. O-O Bf5 13. Rfe1 Qc7 14. Bd3 Re8) 8... O-O 9. O-O a6 $6 {
Inaccuracy. h6 was best.} (9... h6) 10. c4 $6 {Inaccuracy. a4 was best.} (10.
a4) 10... Bf5 11. Qb3 Qc8 $6 {Inaccuracy. h6 was best.} (11... h6 12. Bh4 g5
13. Bg3 Nh5 14. Bd3 Bxd3 15. Qxd3 Nxg3 16. fxg3 Nd7 17. Rae1 Re8 18. Qf5) 12.
Bd3 Bxd3 13. Qxd3 Nbd7 14. Rfe1 b5 15. Re2 Re8 16. Rae1 b4 17. Rxe8+ Nxe8 18.
b3 Nef6 19. Bf4 Qc7 20. h3 h6 21. Ne4 Nxe4 22. Qxe4 Bf8 23. Qe3 Kh7 24. g4 Nf6
25. g5 Nh5 $2 {Mistake. Re8 was best.} (25... Re8 26. Qc1 Rxe1+ 27. Qxe1 hxg5
28. Nxg5+ Kg8 29. Kg2 Nh5 30. Qe3 a5 31. Ne4 Be7 32. h4) 26. Bh2 $6 {
Inaccuracy. gxh6 was best.} (26. gxh6 Qd7) 26... Qd7 $6 {Inaccuracy. hxg5 was
best.} (26... hxg5 27. Nxg5+) 27. Kg2 $6 {Inaccuracy. gxh6 was best.} (27. gxh6
Kg8 28. Nd2 Qf5 29. Kg2 Nf6 30. Qf4 Qxf4 31. Bxf4 Nh5 32. Bg5 f6 33. Bh4 a5)
27... a5 $6 {Inaccuracy. Ng7 was best.} (27... Ng7 28. Qf4 Nf5 29. Nh4 Nxh4+
30. Qxh4 h5 31. Qe4 a5 32. Bf4 a4 33. Bg3 axb3 34. axb3) 28. gxh6 Bxh6 29. Qe7
Rd8 $6 {Inaccuracy. Qxe7 was best.} (29... Qxe7 30. Rxe7) 30. Qxd7 $2 {Mistake.
Ng5+ was best.} (30. Ng5+ Bxg5 31. Qxg5 f6 32. Qh4 Qc7 33. Re6 Kg7 34. Qg4 Kf7
35. Bg3 Qb8 36. Kh2 Rd7) 30... Rxd7 31. Re8 a4 32. bxa4 Bf4 33. Ra8 Bxh2 34.
Kxh2 Kg7 35. a5 Kf6 $2 {Mistake. Re7 was best.} (35... Re7 36. Kg2 Re2 37. Rd8
Rxa2 38. Rxd6 Nf4+ 39. Kg3 Nd3 40. Rb6 Rxa5 41. Ng5 Ra3 42. Rb7) 36. Ra6 $2 {
Mistake. a6 was best.} (36. a6 Re7) 36... Nf4 $6 {Inaccuracy. Kf5 was best.} (
36... Kf5 37. Nd2 Re7 38. Rxd6 Re2 39. Nb3 Rxf2+ 40. Kg1 Rxa2 41. Rd7 Nf4 42.
Rxf7+ Ke5 43. Rf8) 37. Rb6 Nd3 38. a6 Nb2 39. Nd2 Ke7 $4 {Blunder. Ke5 was
best.} (39... Ke5) 40. Rb7 Na4 41. Nb3 Kd8 42. a7 Nb6 43. Rxb6 Rxa7 44. Rxd6+
Ke7 45. Rc6 Rxa2 46. Kg3 $4 {Blunder. Kg2 was best.} (46. Kg2 Ra8 47. Nxc5 Rd8
48. Rb6 g5 49. Nb7 Rg8 50. d6+ Ke6 51. c5 g4 52. c6 gxh3+) 46... Ra3 47. Rxc5
Rxb3+ 48. f3 $2 {Mistake. Kf4 was best.} (48. Kf4 Rxh3) 48... Rc3 $6 {
Inaccuracy. Rb1 was best.} (48... Rb1 49. Rb5 b3 50. c5 b2 51. Kf4 Kd8 52. c6
Rd1 53. Rb8+ Kc7 54. Rb7+ Kc8 55. Rxb2) 49. Rc7+ $2 {Mistake. Kf4 was best.} (
49. Kf4 g5+ 50. Ke5 Kd7 51. Rc6 Rxf3 52. Rd6+ Ke7 53. Rb6 Re3+ 54. Kf5 Rxh3 55.
c5 Rf3+) 49... Kd6 50. Rc6+ Kd7 51. c5 b3 52. Rb6 Rxc5 53. Rxb3 Rxd5 1/2-1/2

[Event "I Mem Mauricio Maghelly - ALEX 2023"]
[Site "Rio de Janeiro"]
[Date "2023.02.08"]
[Round "6.2"]
[White "Rodrigues, Nei Jorge"]
[Black "Mesquita, Arnaldo Leite"]
[Result "*"]
[WhiteElo "1845"]
[BlackElo "1760"]
[Annotator "Stockfish 15.1"]
[PlyCount "134"]
[EventDate "2023.01.30"]
[EventCountry "BRA"]

{[%evp 0,108,29,19,57,18,9,25,-2,-2,32,4,51,23,24,13,13,-20,-10,-33,-6,-37,-16,
-67,-63,-62,-47,-81,-70,-104,-92,-94,-98,-116,61,66,62,59,55,72,74,67,77,85,80,
87,134,125,171,167,152,87,70,84,122,104,191,191,240,137,232,158,158,182,185,
156,147,74,65,65,81,30,30,40,68,83,85,61,61,53,69,60,95,73,95,49,54,66,58,42,
186,44,34,20,0,0,0,0,0,0,0,0,0,0,0,0,0,-15,-15,-64,-14]} 1. Nf3 g6 2. g3 Bg7 3.
c4 c5 4. Bg2 Nf6 5. O-O O-O 6. d4 cxd4 7. Nxd4 Nc6 8. Nc2 d6 9. Nc3 Bd7 10. e4
Qc8 11. Re1 Ne5 12. Nd5 $4 {Blunder. b3 was best.} (12. b3) 12... Re8 $6 {
Inaccuracy. Nxd5 was best.} (12... Nxd5 13. cxd5) 13. b3 $6 {Inaccuracy. Nce3
was best.} (13. Nce3 Nxc4 14. Nxc4 Qxc4 15. e5 Nxd5 16. Bxd5 Qb4 17. a3 Qa5 18.
exd6 Ba4 19. Qd2 Qxd2) 13... Nxd5 14. exd5 Bg4 (14... b5 15. Be3) 15. f3 Bf5
16. Nd4 $4 {Blunder. Be3 was best.} (16. Be3 Bxc2 17. Qxc2 b5 18. Rac1 bxc4 19.
bxc4 Qa6 20. Qe2 Rab8 21. Rc2 Qa3 22. Bf1 Nd7) 16... Bh3 $4 {Blunder. Nd3 was
best.} (16... Nd3 17. Be3) 17. Be3 Bxg2 18. Kxg2 a6 19. Rc1 Qd8 $6 {Inaccuracy.
e6 was best.} (19... e6 20. dxe6 fxe6 21. h4 Qd7 22. Bf2 Rac8 23. Qe2 Nf7 24.
Rcd1 b5 25. cxb5 Bxd4 26. Rxd4) 20. Qd2 h5 (20... e6) 21. Bg5 $2 {Mistake. f4
was best.} (21. f4) 21... Kh7 22. f4 Nd7 23. f5 Bxd4 24. Qxd4 Ne5 25. Rf1 $6 {
Inaccuracy. Qe4 was best.} (25. Qe4 Qd7) 25... f6 26. fxg6+ Nxg6 (26... Kg7 27.
Bf4 Nxg6 28. Rce1 b5 29. Re6 Rc8 30. g4 bxc4 31. bxc4 Nf8 32. Re4 e5 33. dxe6)
27. Bd2 $6 {Inaccuracy. Rce1 was best.} (27. Rce1) 27... Rg8 28. Rf5 h4 $2 {
Mistake. Qd7 was best.} (28... Qd7 29. Rxh5+) 29. Qe3 $6 {Inaccuracy. Qe4 was
best.} (29. Qe4) 29... Qf8 (29... Kg7) 30. Rh5+ $6 {Inaccuracy. Qe4 was best.}
(30. Qe4 Rh8 31. Kh1 Kg8 32. g4 Rh7 33. g5 Rg7 34. gxf6 exf6 35. Bh6 Re7 36.
Bxf8 Rxe4) 30... Kg7 31. Rf1 $2 {Mistake. g4 was best.} (31. g4 b5 32. Rf1 bxc4
33. g5 cxb3 34. Bc3 Ne5 35. Bxe5 dxe5 36. gxf6+ exf6 37. Kh1 Rh8) 31... Rh8 32.
Rff5 $4 {Blunder. Rg5 was best.} (32. Rg5 Qf7 33. g4 b5 34. Bc3 bxc4 35. bxc4
h3+ 36. Kg3 Rhc8 37. Qe4 Ra7 38. Rgf5 Rac7) 32... Qf7 (32... hxg3 33. Qxg3) 33.
Bc3 $2 {Mistake. Rxh8 was best.} (33. Rxh8 Rxh8 34. g4 Ne5 35. Qe4 h3+ 36. Kg3
Qg6 37. Bc3 Qh6 38. Bxe5 fxe5 39. Rh5 Qc1) 33... Rxh5 34. Rxh5 Nf4+ 35. gxf4
Qxh5 36. Qxe7+ Kh6 37. Qxf6+ Qg6+ 38. Kh3 Qxf6 39. Bxf6 Re8 40. Kg4 Kg6 41.
Bxh4 Re2 42. f5+ Kf7 43. Bg3 Rxa2 44. Bxd6 b5 (44... a5 45. h4 a4 46. bxa4 Rxa4
47. Bf4 Rxc4 48. d6 b5 49. h5 b4 50. Kg5 b3 51. d7) 45. cxb5 $4 {Blunder. c5
was best.} (45. c5 Rg2+ 46. Kf3 Rd2 47. c6 Ke8 48. Ke4 a5 49. Bc5 a4 50. bxa4
Rc2 51. axb5 Rxc5) 45... axb5 46. h4 Rd2 47. b4 Rxd5 48. Bc5 Kf6 49. h5 Rd2 50.
h6 Rg2+ 51. Kf4 Rh2 52. Bd4+ Kf7 53. Ke5 Rxh6 54. Ke4 Rh1 55. f6 $6 {
Inaccuracy. Kd5 was best.} (55. Kd5 Rf1 56. Ke5 Rb1 57. Bc5 Rb3 58. Ke4 Rg3 59.
Ke5 Rg8 60. Bd4 Rd8 61. Ke4 Rd6) 55... Ke6 56. Kd3 Rh3+ 57. Ke4 Rb3 $6 {
Inaccuracy. Rh4+ was best.} (57... Rh4+ 58. Ke3) 58. Bc5 Rc3 59. Be7 Rc4+ 60.
Kd3 Rg4 61. Kc3 Rc4+ 62. Kd3 Rg4 63. Kc3 Rc4+ 64. Kd3 Rg4 65. Bc5 $4 {Blunder.
Kc3 was best.} (65. Kc3) 65... Rg3+ (65... Kxf6 66. Kc3 Ke5 67. Bf2 Ke4 68. Kb3
Kd5 69. Kc3 Rg2 70. Bc5 Rg3+ 71. Kd2 Kc4 72. Ke2) 66. Ke4 Rb3 67. Bd4 $4 {
Blunder. f7 was best.} (67. f7 Kxf7 68. Kd5 Kf6 69. Kd6 Rh3 70. Kc6 Ke6 71. Bb6
Rh6 72. Ba5 Rh8 73. Bb6 Ke5) 67... Rg3 $4 {Blunder. Rxb4 was best.} (67... Rxb4
) *

[Event "I Mem Mauricio Maghelly - ALEX 2023"]
[Site "Rio de Janeiro"]
[Date "2023.02.08"]
[Round "6.6"]
[White "De Almeida, Roberto A. Ferreira"]
[Black "Da Costa, Carlos Henrique Luz"]
[Result "0-1"]
[WhiteElo "1708"]
[BlackElo "1520"]
[Annotator "Stockfish 15.1"]
[PlyCount "80"]
[EventDate "2023.01.30"]
[EventCountry "BRA"]

{[%evp 0,74,31,6,47,47,46,28,36,-15,0,-13,-6,-36,24,-31,-11,-11,-4,-22,-20,-35,
-8,-25,-29,-20,-26,-33,-21,-36,-34,-41,-42,-34,-37,-85,-36,-90,-85,-72,-31,-56,
-56,-83,-111,-150,-150,-332,-339,-325,-325,-334,-374,-398,-216,-212,-263,-274,
-274,-271,-262,-267,-233,-273,-268,-316,-386,-392,-418,-418,-408,-426,-449,
-421,-422,-649,-1039]} 1. e4 e6 2. Nf3 d5 3. e5 c5 4. g3 Nc6 5. Bg2 Nh6 6. d3
Nf5 7. Bg5 $6 {Inaccuracy. O-O was best.} (7. O-O b6 8. c3 Be7 9. Re1 O-O 10.
Nbd2 a5 11. g4 Nh4) 7... Be7 8. Bxe7 Nfxe7 9. Nc3 Ng6 10. Qe2 Qa5 11. O-O Bd7
12. Rfe1 O-O 13. h4 h6 14. h5 Nge7 15. Nd2 $6 {Inaccuracy. Qd2 was best.} (15.
Qd2 Nd4 16. Nh4 Nef5 17. Nxf5 Nxf5 18. Nb1 Qb6 19. c3 Bc6 20. Na3 Rad8 21. Qe2
a6) 15... Nd4 16. Qd1 Qc7 17. f4 Rac8 18. Ne2 Nef5 (18... Ndf5 19. Nf1) 19. Nf1
Qb6 20. Nxd4 cxd4 21. b3 $6 {Inaccuracy. Rb1 was best.} (21. Rb1 Ba4) 21... Rc3
22. Qd2 Rfc8 23. Bh3 $4 {Blunder. Rac1 was best.} (23. Rac1) 23... Rxc2 24. Qd1
Ne3 25. Nxe3 dxe3 26. Re2 Rxe2 $6 {Inaccuracy. Rd2 was best.} (26... Rd2 27.
Qe1 Rxd3 28. Bf1 Rdc3 29. a4 d4 30. g4 Rxb3 31. Rd1 Bxa4 32. g5 hxg5 33. fxg5)
27. Qxe2 d4 28. Bg2 Rc3 29. Be4 Qc7 30. Qb2 Qc5 $6 {Inaccuracy. Bc6 was best.}
(30... Bc6 31. Qg2 Bb5 32. Qf1 Rc2 33. Qd1 Qc3 34. Qe1 Bxd3 35. Qxc3 Rxc3 36.
Bf3 Bh7 37. Bxb7) 31. b4 Qc7 32. a4 $6 {Inaccuracy. b5 was best.} (32. b5 f5
33. exf6 gxf6 34. Bf3 Kf7 35. Rf1 Qc5 36. a4 Rc2 37. Qb3 Qc3 38. Qxc3 dxc3)
32... Bc6 33. Bxc6 Qxc6 34. b5 Qf3 35. Qg2 Qxh5 36. g4 Qh4 37. a5 Rxd3 38. Rc1
$6 {Inaccuracy. b6 was best.} (38. b6 e2 39. Qxe2 Rg3+ 40. Qg2 Qh3 41. Ra2 a6
42. g5 g6 43. gxh6 d3 44. h7+ Kh8) 38... Rd2 39. Rc8+ Kh7 40. Qe4+ g6 0-1